[Event "Nikaia op 22nd"]
[Site "Nikaia"]
[Date "2014.09.02"]
[Round "9"]
[White "Lymperopoulos, Georgios"]
[Black "Kondopoulos, Dimitrios"]
[Result "1-0"]
[WhiteElo "1904"]
[BlackElo "2039"]
[PlyCount "65"]
[EventDate "2014.08.26"]
[EventType "swiss"]
[EventRounds "9"]
[EventCountry "GRE"]
[SourceTitle "CBM 162 Extra"]
[Source "ChessBase"]
[SourceDate "2014.10.17"]
[SourceVersion "1"]
[SourceVersionDate "2014.10.17"]
[SourceQuality "1"]

1. d4 d5 2. Nf3 c6 3. e3 e6 4. Bd3 f5 5. 0-0 Nf6 6. b3 b5 7. c4 Ba6 8. cxd5 cxd5 9. Qe2 Qb6 10. Nc3 b4 11. Na4 Bxd3 12. Qxd3 Qa6 13. Ne5 Qxd3 14. Nxd3 Nbd7 15. Bd2 a5 16. Rfc1 Bd6 17. Rc6 Ke7 18. Rac1 Ra7 19. f3 g5 20. Be1 Rg8 21. Bg3 Bxg3 22. hxg3 Ne8 23. Nb6 Nxb6 24. Rxb6 g4 25. Rcc6 Nc7 26. fxg4 fxg4 27. Ne5 h5 28. Rd6 Rg7 29. Rbc6 Ke8 30. Rb6 Re7 31. Nc6 Ra6 32. Rxa6 Nxa6 33. Nxe7 1-0

[Event "Petroupoli op 2nd"]
[Site "Petroupoli"]
[Date "2007.05.16"]
[Round "2"]
[White "Kagas, Konstantinos"]
[Black "Lymperopoulos, Georgios"]
[Result "1-0"]
[WhiteElo "2184"]
[BlackElo "1847"]
[PlyCount "81"]
[EventDate "2007.05.12"]
[EventType "swiss"]
[EventRounds "7"]
[EventCountry "GRE"]
[SourceTitle "EXT 2008"]
[Source "ChessBase"]
[SourceDate "2007.11.25"]
[SourceVersion "1"]
[SourceVersionDate "2007.11.25"]
[SourceQuality "1"]

1. e4 c5 2. Nc3 Nc6 3. g3 Nf6 4. Bg2 e6 5. d3 d5 6. exd5 exd5 7. Bg5 Be7 8. Nge2 d4 9. Ne4 Nxe4 10. Bxe7 Nxe7 11. dxe4 0-0 12. 0-0 Qc7 13. Nf4 Bd7 14. Re1 Rfe8 15. Qh5 Rad8 16. Nd3 b6 17. f4 Ng6 18. e5 Qc8 19. Bf3 Bf5 20. Nf2 Bxc2 21. Be4 Bxe4 22. Nxe4 Qc6 23. Nd6 Re7 24. Rad1 Qd5 25. Ne4 Qxa2 26. f5 Rxe5 27. Qg5 Rxe4 28. Rxe4 Nf8 29. f6 Ng6 30. h4 Qxb2 31. h5 gxf6 32. Rde1 d3 33. hxg6 hxg6 34. Re8+ Rxe8 35. Rxe8+ Kg7 36. Qh4 Qc1+ 37. Kh2 Qb2+ 38. Kh3 g5 39. Qh8+ Kg6 40. g4 f5 41. Rg8+ 1-0

[Event "Petroupoli schev"]
[Site "Petroupoli"]
[Date "2006.??.??"]
[Round "8.3"]
[White "Lymperopoulos, Georgios"]
[Black "Hatzoudis, Gerasimos"]
[Result "1/2-1/2"]
[WhiteElo "1355"]
[BlackElo "1205"]
[PlyCount "72"]
[EventDate "2006.??.??"]
[EventType "schev"]
[EventRounds "9"]
[EventCountry "GRE"]
[SourceTitle "EXT 2007"]
[Source "ChessBase"]
[SourceDate "2006.11.23"]
[SourceVersion "1"]
[SourceVersionDate "2006.11.23"]
[SourceQuality "1"]

1. e4 c5 2. Nf3 d6 3. d4 cxd4 4. Nxd4 Nf6 5. Nc3 Nc6 6. Be2 e5 7. Nb3 Be6 8. Bg5 Be7 9. Qd2 0-0 10. 0-0 h6 11. Bxf6 Bxf6 12. Rad1 Bxb3 13. axb3 Nd4 14. Bc4 a6 15. Ne2 Nxe2+ 16. Qxe2 Qc7 17. Qd2 Rfd8 18. Bd5 Qb6 19. Rfe1 Rac8 20. b4 Bg5 21. Qe2 Qxb4 22. c3 Qb6 23. Rd3 Rc7 24. Rg3 Rdc8 25. Qg4 Qxb2 26. h4 Bf6 27. Rf3 Kh8 28. Bxf7 Rf8 29. Be6 Qb5 30. Qg6 Qe8 31. Qg4 Re7 32. Bd5 Rc7 33. c4 Qc8 34. Be6 Qe8 35. Rb1 Qe7 36. Rbb3 Rb8 1/2-1/2